| 000 | 01504cam a2200301 4500 | ||
|---|---|---|---|
| 008 | 000000n2000 000 0 eng u | ||
| 020 | _a085406995X | ||
| 022 | _a1354-506X | ||
| 035 | _a(Sirsi) u103739 | ||
| 041 | _aeng | ||
| 050 | _a692.5 | ||
| 100 | _aSwaffield, Lisa | ||
| 245 | _aCan building form and function be used to predict the costs of mechanical and electrical services? | ||
| 260 |
_aLondon _bRICS Research Foundation _c2000 |
||
| 300 |
_a28p. _c30cm. |
||
| 490 |
_aRICS Foundation Research Papers _v3(6) |
||
| 520 | _aDiscusses existing methods of pre-design cost estimating for the mechanical and electrical (M and E) services elements of building projects. The research found that there were serious deficiencies in the availability, format and detail of cost information for M and E services, which prohibited further advances to research in this area. It concludes that there are relationships between building form and function and M and E service costs, but qualifies this by saying that the influence of M and E services quality could not be examined, due to lack of suitable qualitative data. | ||
| 650 | _aBUILT ENVIRONMENT-BUILDING COSTS | ||
| 650 |
_aBlock management _96220 |
||
| 650 | _aELECTRICAL SERVICES | ||
| 650 | _aBCIS | ||
| 650 | _aBUDGETS | ||
| 690 | _aBUILT ENVIRONMENT-BUILDING COSTS | ||
| 700 | _aPasquire, Christine | ||
| 700 | _aTyler, Alan | ||
| 710 |
_aRoyal Institution of Chartered Surveyors _bResearch Foundation _93861 |
||
| 942 | _n0 | ||
| 999 |
_c100151 _d100151 |
||